000 02749nam0a22005771 4500
001 RU\NLR\bibl\731322
005 20251202160538.0
010 _a5-94145-219-5
_95000
021 _aRU
_b2004-51753
_92546
021 _aRU
_b2005-1011
_952
035 _a(NLR Aleph) 000721282
035 _aRSL-KNO-002464213
090 _a704532
_c704532
100 _a20040831d2004 u y0rusy50 ca
101 1 _arus
_ceng
102 _aRU
105 _aa z|||001yy
106 _ar
135 _acrmn mmmanaba
200 1 _aБиблейский код. Обратный отсчет
_dBible code. The countdown
_fМайкл Дроснин
_g[пер. с англ. И. Файбисовича]
_zeng
210 _aМ.
_cИностранка
_d2004
_eЕкатеринбург : ГИПП Урал. рабочий
215 _a301, [2] с.
_cил.
_d24
300 _aАвт. также на англ. яз.: Michael Drosnin
320 _aПредм. указ.: с. 297302
325 _aКопия доступна в Электрон. б-ке РНБ
510 0 _6z22790
_aBible code. The countdown
_zeng
605 _aБиблия
_xТолкование
_92076441
_3RU\NLR\auth\661251586
606 0 _aПророки и пророчества
_92048431
_3RU\NLR\auth\66944830
610 0 _aРелигия -- Христианство -- Библия (Ветхий и Новый Завет) -- Тексты Библии. Исследование и толкование текстов Библии -- Исследование, критика и толкование текстов Библии -- Экзегетика (толкование текстов Библии) -- Отдельные проблемы библейской экзегетики
610 0 _aРелигия -- Вневероисповедные формы религии -- Мантика (гадания) -- Ясновидение
686 _aЭ37-200.227,0
_2rubbk
686 _aЭ391.229,0
_2rubbk
686 _aЭ37-200.2
700 1 _aДроснин
_bМ.
_gМайкл
_4070
790 1 _6z22510
_aDrosnin
_bM.
_gMichael
_4070
801 0 _aRU
_bRuMoRKP
_c20040831
_grcr
801 1 _aRU
_bRuMoRGB
_c20040831
801 2 _aRU
_bNLR
_c20050304
_gPSBO
852 _aNLR
_bОЛСАА-ивр
_j3-2619
856 0 _uhttps://vivaldi.nlr.ru/bx000036169/view
856 1 _uhttps://vivaldi.nlr.ru/bx000036169/cover
856 2 _uhttps://vivaldi.nlr.ru/bx000036169/text
942 _cBOOK
980 _aNB
980 1 _aHEBR
981 2 3 _a(23) Национальные литературы
_b(23) Книги ОЛСАА